000 00846nam a2200277 a 4500
008
040 _aNUST
_cNUST
049 0 0 _aMAIN
090 0 0 _aQP34
_bGAN
100 1 _aGanong, William Francis,
_d1864-1941
245 1 0 _aReview of medical physiology /
_c[by] William F. Ganong
250 _aFourth edition
264 1 _aLos Altos, Calif. :
_bLange Medical Publications,
_c1969
300 _a628 pages :
_billustrations ;
_c26 cm
336 _atext
_btxt
_2rdacontent
337 _aunmediated
_bn
_2rdamedia
338 _avolume
_bnc
_2rdacarrier
504 _aIncludes bibliographical references
650 0 _aPhysiology.
650 2 _aPhysiology.
740 0 _aMedical physiology
907 _a.b10104215
_b25-03-22
_c15-12-03
003
005 20230123133550.0
942 _cBOOKS
_kQP34
_mGAN
999 _c150802
_d150802